000 02433nam a22002773i 4500
001 BDZ0051963584
005 20230206131904.0
007 cr||||||||||||
008 230206s2023 nyu go 000|0|eng d
020 _a9781648961922 :
_c14.99
040 _aStDuBDS
100 1 _aBlaine, Brownell,
_eauthor.
245 1 0 _aPandemic Effect :
_bNinety Experts on Immunizing the Built Environment /
_cBrownell Blaine.
264 1 _aNew York :
_bPrinceton Architectural Press,
_c2023.
300 _a1 online resource
336 _atext
_2rdacontent
337 _aunmediated
_2rdamedia
338 _avolume
_2rdacarrier
520 8 _aIn The Pandemic Effect, 90 leading architects, designers, materials scientists, and health officials reflect on the influence of COVID-19 on buildings and citiesand propose solutions to safeguard the built environment from future pandemics, viruses, and contagious diseases on every scale, from surfaces to society. Safety and sustainability in buildings and cities have taken on new meaning during the COVID -19 pandemic. Buildings became magnifiers of contagion instead of shelters for protection. In this essential resource for both practitioners and students of architecture, interior design, and urban design, 90 of the worlds leading experts investigate a variety of approaches to future-proof architecture and buildings against widespread disease. These inoculation strategies are organized into five chapters: Histories offers an overview of past pandemics and prior architectural approaches; Inside / Outside addresses the roles of building envelopes and mechanical systems in improving indoor environmental quality; Interventions consists of contemporary methods for direct prevention and control; New Strategies consists of various architectural analyses and proposals for design changes; and The Public Realm considers the urban landscape and related social questions. This broad collection of perspectives explores the transformations underway in the built environmentand offers design strategies to limit the severity of subsequent pandemics.
650 7 _aArchitecture and Planning
650 7 _aCOVID
650 7 _aArchitectural structure & design
650 7 _aEBOOK
690 _96307
_aBuilt Environment
856 4 0 _uhttps://www.vlebooks.com/vleweb/product/openreader?id=RICS&accId=9491556&isbn=9781648961922
_zView on VLEbooks. Logins for members only from [email protected]
999 _c121362
_d121362